[Event "Copa Hector Lucero 2015 - Final ACUA - "]
[Site "Ciudad de La Punta, San Luis"]
[Date "2015.11.18"]
[Round "1.2"]
[White "Miranda, Juan Javier"]
[Black "Karlsen, Alberto Christian"]
[Result "0-1"]
[WhiteElo "1867"]
[BlackElo "2030"]
[Annotator "José"]
[PlyCount "52"]
[EventDate "2015.11.18"]

1. e4 c5 2. Nc3 d6 3. f4 Nc6 4. Bb5 Qc7 5. d3 a6 6. Bxc6+ Qxc6 7. Nf3 e6 8. O-O
g6 9. Qe1 Bg7 10. Rb1 Ne7 11. Bd2 b6 12. Qh4 f6 13. Rbe1 Bb7 14. f5 O-O-O 15.
fxe6 h5 16. a4 g5 17. Qf2 h4 18. Rb1 Rdf8 19. b4 g4 20. Nxh4 f5 21. Qg3 cxb4
22. Nd5 Nxd5 23. exd5 Qxd5 24. Ng6 Kc7 25. Nxf8 Rh3 26. gxh3 Qd4+ {
Blancas Abandonan} 0-1

[Event "Copa Hector Lucero 2015 - Final ACUA - "]
[Site "Ciudad de La Punta, San Luis"]
[Date "2015.11.18"]
[Round "1.3"]
[White "Saccaro, Raquel"]
[Black "Zurita, Daniel"]
[Result "0-1"]
[WhiteElo "1628"]
[BlackElo "1853"]
[PlyCount "112"]
[EventDate "2015.11.18"]

1. e4 e5 2. d4 d6 3. Nc3 Nd7 4. Nf3 Ngf6 5. Bc4 c6 6. Be3 h6 7. Nh4 Nxe4 8.
Nxe4 Qxh4 9. Ng3 d5 10. Bb3 e4 11. Qd2 Be7 12. Nf5 Qf6 13. Nxe7 Qxe7 14. O-O
O-O 15. f3 Nf6 16. Qe1 Be6 17. Qg3 Nh5 18. Qe5 f5 19. h3 Qf6 20. Qc7 Qf7 21.
Qe5 f4 22. Bf2 Rae8 23. Qd6 Qf6 24. fxe4 dxe4 25. Bxe6+ Rxe6 26. Qb4 e3 27. Be1
Qe7 28. Qb3 Ng3 29. Bxg3 fxg3 30. Rxf8+ Kxf8 31. Rf1+ Rf6 32. Re1 e2 33. Qxg3
Rf1+ 34. Kh2 Rxe1 35. Qxe1 Qd6+ 36. g3 Qxd4 37. Qxe2 Qxb2 38. Qf2+ Ke7 39. Qc5+
Ke6 40. Qc4+ Ke5 41. Kg2 Qd4 42. Qe2+ Qe4+ 43. Qxe4+ Kxe4 44. h4 b5 45. Kh3 a5
46. Kg4 g6 47. h5 g5 48. Kh3 b4 49. Kg2 c5 50. Kf2 c4 51. Ke2 a4 52. Kd2 c3+
53. Kd1 Kf3 54. Ke1 Kxg3 55. Ke2 Kf4 56. Kd3 g4 0-1

[Event "Copa Hector Lucero 2015 - Final ACUA - "]
[Site "Ciudad de La Punta, San Luis"]
[Date "2015.11.18"]
[Round "2.1"]
[White "Merlo, Daniel"]
[Black "Zurita, Daniel"]
[Result "1-0"]
[WhiteElo "2055"]
[BlackElo "1853"]
[PlyCount "109"]
[EventDate "2015.11.18"]

1. e4 e5 2. Nf3 Nc6 3. Bc4 d6 4. c3 h6 5. d4 f5 6. dxe5 fxe4 7. Qd5 Qe7 8. exd6
Qxd6 9. Qxe4+ Qe7 10. Qxe7+ Bxe7 11. Bf4 Bg4 12. Ne5 Nxe5 13. Bxe5 O-O-O 14.
O-O Nf6 15. h3 Bh5 16. Bd4 a6 17. Nd2 Bc5 18. Bxc5 Rxd2 19. b4 Ne4 20. Bd4 Nd6
21. Be6+ Kb8 22. a4 Re8 23. Rfe1 Re2 24. Rxe2 Bxe2 25. Bb3 Bc4 26. Bxc4 Nxc4
27. Bxg7 h5 28. Rd1 Nb2 29. Rd5 Nxa4 30. Rxh5 Re1+ 31. Kh2 Rc1 32. Rh8+ Ka7 33.
Bd4+ b6 34. g4 Nxc3 35. Bxc3 Rxc3 36. g5 Rf3 37. Kg2 Rf7 38. Rh4 Kb7 39. Re4
Kc6 40. h4 Kd5 41. f3 c5 42. bxc5 bxc5 43. Ra4 c4 44. Rxa6 c3 45. Ra1 Rb7 46.
Rc1 Kc4 47. Kg3 Rb2 48. h5 Kd3 49. Rxc3+ Kxc3 50. g6 Kd4 51. h6 Rb6 52. g7 Rg6+
53. Kf4 Rf6+ 54. Kg5 Rxf3 55. h7 1-0

[Event "Copa Hector Lucero 2015 - Final ACUA - "]
[Site "Ciudad de La Punta, San Luis"]
[Date "2015.11.18"]
[Round "2.2"]
[White "Karlsen, Alberto Christian"]
[Black "Saccaro, Raquel"]
[Result "1-0"]
[WhiteElo "2030"]
[BlackElo "1628"]
[Annotator "José"]
[PlyCount "59"]
[EventDate "2015.11.18"]

1. c4 e5 2. Nc3 Nf6 3. Nf3 Nc6 4. e3 d5 5. d4 Bg4 6. Be2 Bb4 7. dxe5 Nxe5 8.
Nxe5 Bxe2 9. Qa4+ c6 10. Qxb4 Qc8 11. Nxe2 Qc7 12. f4 O-O-O 13. O-O Ne4 14. Nc3
f6 15. Nxe4 dxe4 16. Ng4 h5 17. Nf2 f5 18. Nh3 Rd7 19. Bd2 Rhd8 20. Bc3 Rd6 21.
Qc5 b6 22. Qxf5+ R8d7 23. Ng5 Qd8 24. Nf7 Qf8 25. Nh6 Qxf5 26. Nxf5 g6 27. Nh4
Rd3 28. Nxg6 Rxe3 29. Ne5 h4 30. Rae1 {Negras Abandonan} 1-0

[Event "Copa Hector Lucero 2015 - Final ACUA - "]
[Site "Ciudad de La Punta, San Luis"]
[Date "2015.11.19"]
[Round "3.1"]
[White "Miranda, Juan Javier"]
[Black "Merlo, Daniel"]
[Result "0-1"]
[WhiteElo "1867"]
[BlackElo "2055"]
[PlyCount "58"]
[EventDate "2015.11.18"]

1. e4 e5 2. d4 exd4 3. Qxd4 Nc6 4. Qe3 Nf6 5. Nc3 b6 6. Bd2 Bc5 7. Qg3 d6 8. h3
O-O 9. O-O-O Be6 10. Bd3 Ne5 11. Bg5 h6 12. Bxh6 Nh5 13. Qg5 Qxg5+ 14. Bxg5
Bxf2 15. Nge2 f6 16. Bd2 c5 17. g4 Ng3 18. Nxg3 Bxg3 19. Be2 Nc4 20. Kb1 Nxd2+
21. Rxd2 Bf4 22. Rdd1 Rfe8 23. Nb5 d5 24. exd5 Bxd5 25. Rxd5 Rxe2 26. Rd7 Rae8
27. Rhd1 Rh2 28. Rxa7 Ree2 29. Na3 b5 0-1

[Event "Copa Hector Lucero 2015 - Final ACUA - "]
[Site "Ciudad de La Punta, San Luis"]
[Date "2015.11.19"]
[Round "3.3"]
[White "Zurita, Daniel"]
[Black "Karlsen, Alberto Christian"]
[Result "0-1"]
[WhiteElo "1853"]
[BlackElo "2030"]
[PlyCount "62"]
[EventDate "2015.11.18"]

1. d4 d5 2. e3 Nf6 3. Nf3 e6 4. Bd3 Nc6 5. b3 a6 6. O-O Bd6 7. Bb2 O-O 8. Nbd2
Re8 9. c4 b6 10. Qc2 Nb4 11. Qb1 Nxd3 12. Qxd3 dxc4 13. Nxc4 a5 14. e4 Bf4 15.
Rfd1 Bb7 16. Ncd2 c5 17. Qc3 cxd4 18. Qxd4 Qc7 19. e5 Nd5 20. Ne4 Ba6 21. a4
Be2 22. Re1 Bxf3 23. gxf3 Qe7 24. Ng3 Rad8 25. Kh1 Qh4 26. Bc1 Bxg3 27. Qxh4
Bxh4 28. Rg1 Bxf2 29. Rg2 Bd4 30. Raa2 Bxe5 31. Bh6 Nc3 0-1

[Event "Copa Hector Lucero 2015 - Final ACUA - "]
[Site "Ciudad de La Punta, San Luis"]
[Date "2015.11.19"]
[Round "4.1"]
[White "Merlo, Daniel"]
[Black "Karlsen, Alberto Christian"]
[Result "1-0"]
[WhiteElo "2055"]
[BlackElo "2030"]
[PlyCount "82"]
[EventDate "2015.11.18"]

1. e4 c5 2. Nf3 Nc6 3. d3 e5 4. Nc3 h6 5. g3 d6 6. Bg2 Bg4 7. h3 Be6 8. Nd5 Nf6
9. c4 Nb4 10. Nxb4 cxb4 11. Qa4+ Nd7 12. Qxb4 d5 13. Qa4 dxc4 14. dxc4 Bd6 15.
Be3 O-O 16. O-O Nf6 17. Rfd1 Qc7 18. Nd2 b6 19. Rac1 Rfd8 20. Qc2 Rac8 21. b3
Ba3 22. Rb1 a5 23. Nf1 Nd7 24. Bc1 Bc5 25. Ne3 Bxe3 26. Bxe3 b5 27. c5 Nb8 28.
Rxd8+ Rxd8 29. Rd1 Nc6 30. Rxd8+ Qxd8 31. Qd2 Qxd2 32. Bxd2 b4 33. f4 a4 34.
bxa4 exf4 35. gxf4 Bxa2 36. e5 b3 37. Bxc6 b2 38. Be4 Bd5 39. Bb1 Bc6 40. a5
Kf8 41. Bc3 Ke7 1-0

[Event "Copa Hector Lucero 2015 - Final ACUA - "]
[Site "Ciudad de La Punta, San Luis"]
[Date "2015.11.20"]
[Round "5.1"]
[White "Saccaro, Raquel"]
[Black "Merlo, Daniel"]
[Result "0-1"]
[WhiteElo "1628"]
[BlackElo "2055"]
[PlyCount "52"]
[EventDate "2015.11.18"]

1. e4 d6 2. d4 Nf6 3. Nc3 g6 4. Nf3 Bg7 5. Bd3 O-O 6. Be3 c6 7. O-O Nbd7 8. h3
b5 9. Re1 Bb7 10. Qd2 b4 11. Ne2 c5 12. c3 Nxe4 13. Bxe4 Bxe4 14. cxb4 Bxf3 15.
gxf3 cxd4 16. Nxd4 Ne5 17. b3 Qd7 18. Kh2 Rfc8 19. a3 Qb7 20. Qe2 Nc6 21. Rad1
Nxd4 22. Bxd4 Bxd4 23. Rxd4 Rc7 24. Qe3 Rac8 25. Rh4 Qb6 26. Qd2 Rc2 0-1

[Event "Copa Hector Lucero 2015 - Final ACUA - "]
[Site "Ciudad de La Punta, San Luis"]
[Date "2015.11.20"]
[Round "5.2"]
[White "Zurita, Daniel"]
[Black "Miranda, Juan Javier"]
[Result "0-1"]
[WhiteElo "1853"]
[BlackElo "1867"]
[PlyCount "98"]
[EventDate "2015.11.18"]

1. d4 d5 2. e3 Nf6 3. g3 c6 4. Nf3 Bg4 5. Nbd2 e6 6. Bg2 Nbd7 7. O-O Qc7 8. c4
Be7 9. b3 O-O 10. Bb2 Rfe8 11. Qc2 Rac8 12. a4 Bf5 13. Qd1 Ne4 14. c5 Ndf6 15.
Nh4 Nxd2 16. Qxd2 Be4 17. f3 Bg6 18. Nxg6 hxg6 19. Rf2 Kh7 20. Kf1 Rh8 21. Bh3
Kg8 22. Bg4 Rh6 23. Rg2 Kh7 24. Qe2 Rh8 25. Bc1 Kg8 26. e4 R6h7 27. e5 Nxg4 28.
fxg4 Qd8 29. h4 Bxh4 30. gxh4 Qxh4 31. Qf2 Qh1+ 32. Qg1 Qh3 33. Raa2 Qd3+ 34.
Kf2 Rh1 35. Rd2 Qe4 36. Qxh1 Rxh1 37. Re2 Qxd4+ 38. Be3 Qd1 39. Kf3 Qxb3 40.
Rb2 Rf1+ 41. Rbf2 Qd1+ 42. Kg3 Qe1 43. Bd2 Qxe5+ 44. Kf3 Qe4+ 45. Kg3 Rh1 46.
Bf4 Qd3+ 47. Rf3 Rh3+ 48. Kxh3 Qxf3+ 49. Bg3 d4 0-1